Statistics for 大宮駅から出ている鉄道の行先

Click here to take the quiz!

General Stats

  • This quiz has been taken 44 times
  • The average score is 45 of 68

Answer Stats

Answer% Correct
大船
97%
大船
97%
大船
97%
東京
94%
上野
94%
高崎
94%
高崎
94%
東京
94%
品川
91%
宇都宮
88%
新函館北斗
84%
熱海
84%
小田原
81%
長野
81%
仙台
81%
小田原
81%
新宿
81%
新宿
81%
秋田
78%
新青森
78%
川越
78%
山形
78%
沼津
75%
盛岡
75%
金沢
75%
新潟
75%
池袋
72%
新木場
72%
那須塩原
72%
桜木町
69%
大崎
69%
平塚
66%
伊東
66%
郡山
66%
平塚
66%
新庄
66%
越後湯沢
66%
古河
66%
国府津
63%
蒲田
63%
赤羽
63%
国府津
63%
東神奈川
63%
籠原
63%
磯子
59%
前橋
59%
鶴見
59%
小金井
59%
56%
逗子
56%
春日部
56%
船橋
56%
海老名
53%
本庄
53%
内宿
50%
長野原草津口
47%
岩槻
47%
七光台
44%
運河
44%
丸山
44%
東武日光
41%
八王子
38%
鬼怒川温泉
34%
海浜幕張
31%
西船橋
31%
鴻巣
31%
高柳
31%
新習志野
25%

Score Distribution

Percentile by Number Answered

Percent of People with Each Score

Your Score History

You have not taken this quiz